00322 a2200121 450000100060000002000180000604000220002424000420004624500370008830000070012536200090013265000590014161718 a9783939670322 cAnchieta - Pituba10aDeutsche literatur der gegenwartlpor10aDeutsche literatur der gegenwart a580 a2010 4aLínguas germânicas (teutônicas) língua alemã